Транс-Атлантик (Запис № 17779)

000 -Маркер запису
Контрольне поле сталої довжини 02157nam a22002537a 4500
003 - Належність контрольного номера
Контрольне поле Uzh_bibl
008 - Кодовані дані
Контрольне поле сталої довжини 260515b |||||||| |||| 00| 0 ukr d
020 ## - Індекс ISBN
ISBN 978-617-679-205-5
Ціна 30.00
040 ## - Джерело каталогіз.
Код мови каталог. укр.
041 ## - Код мови видання
Код мови оригіналу польська
Код мови тексту українська
080 ## - Індекс УДК
Індекс УДК 821(438)
090 ## - Шифри
Поличний індекс 821(438)
Авторський знак Ґ 64
100 ## - Автор
Автор Ґомбрович,Вітольд
245 ## - Назва
Назва Транс-Атлантик
Відповідальність пер. з пол.Андрій Бондар
Фізичний носій Текст
260 ## - Вихідні дані
Місце видання Львів
Видавництво Видавництво Старого Лева
Дата видання 2015
300 ## - Фізичний опис
Обсяг 160 с.
Тип одиниці В опр.
520 ## - Анотація
Анотація «Транс-Атлантик» – це єдиний твір Ґомбровича, всі події якого розгортаються не в Польщі. А проте саме зв’язок з Вітчизною залишається осердям, в яке автор спрямовує вістря свого гротескного письма. Історія, розказана від першої особи, піддає випробуванню ідеї святощів, традиції й самототожності, через що ця книжка свого часу спровокувала гостру критику автора з боку співвітчизників. Втім, як і всяка добра метафора, ця оповідь може сказати більше, ніж те, що лежить на поверхні. Та передовсім «Транс-Атлантик» – це художній експеримент, який припаде до смаку поціновувачам стилістичної вправності.Текст повісті доповнено авторськими передмовами, які допоможуть читачеві краще зрозуміти задум автора.
521 ## - Примітка про цільове призначення
Примітка про цільове призначення Для широкого кола читачів
546 ## - Примітка про мову
Примітка про мову укр.
650 ## - Тематичні рубрики
Основна рубрика Літературно-художнє видання
653 ## - Ключові слова
Ключові слова Зв'язок з Вітчизною
-- Традиції
-- Польща
655 ## - Термін індексування — жанр/форма
Жанр/форма Проза
Типове ділення Роман
942 ## - ADDED ENTRY ELEMENTS (KOHA)
Джерело класифікації чи схема поличного розташування
Koha item type Книги
Фонди
Статус вилучення Статус втрати/відсутності Джерело класифікації чи схема поличного розташування Статус пошкодження Тип обігу (не для випозичання) Постійне розташування Поточне розташування Розташування у відділі Дата надходження Інвентарний номер Total Checkouts Повний (примірниковий) шифр зберігання Штрих-код Date last seen Дата, для якої чинна ціна заміни Тип одиниці (рівень примірника)
          Бібліотека-філія №3 Бібліотека-філія №3 Абонемент старший відділ 15/05/2026 74214   821(438) 4213 15/05/2026 15/05/2026 Книги

Працює на АБІС Коха